000 00594nam a2200229Ia 4500
003 OSt
005 20221005122305.0
006 a|||||r|||| 00| 0
007 ta
008 221004b |||||||| |||| 00| 0 urd d
024 _a7192
037 _cTextual
040 _aCRL
_cCRL
_burd
041 _2urd
_aurd
082 _aO168,1vN7, N90
100 _aSiddiqi Aqeel Ahmad
_9631766
245 0 _aJadeed Urdu nazm
_b Nazariya e Amal
260 _c1990
650 _aURDU LITERATURE
942 _hO168,1vN7, N90
_cTEXL
_2cc
999 _c1043845
_d1043845